[Event "XXVI Festival A"]
[Site "Arco ITA"]
[Date "2014.10.05"]
[Round "2"]
[White "Badano, Giancarlo"]
[Black "Ager, Josef"]
[WhiteElo "1936"]
[BlackElo "2125"]
[Result "0-1"]
[PlyCount "78"]
[EventDate "2014.10.04"]

1. e4 g6 2. d4 Bg7 3. Bc4 c6 4. c3 d5 5. exd5 cxd5 6. Bd3 Nc6 7. Bf4 Nf6 8. Nf3
Nh5 9. Be3 Bg4 10. Nbd2 O-O 11. h3 Bc8 12. g4 Nf6 13. Bf4 Nd7 14. Bb5 a6 15.
Bxc6 bxc6 16. Qa4 Qb6 17. Qb3 Qa7 18. O-O Bb7 19. Rfe1 Rfe8 20. Ne5 Nxe5 21.
Bxe5 f6 22. Bg3 Bc8 23. Ne4 Bd7 24. Nc5 e5 25. Re2 exd4 26. Rxe8+ Rxe8 27. cxd4
f5 28. Nxd7 Qxd7 29. Qb6 fxg4 30. hxg4 Re4 31. Qxa6 Bxd4 32. Kg2 Rxg4 33. Qa8+
Kf7 34. Rc1 c5 35. Rd1 h5 36. Kf1 h4 37. Bb8 Qb5+ 38. Ke1 Re4+ 39. Kd2 Re2+ 0-1

[Event "XXVI Festival A"]
[Site "Arco ITA"]
[Date "2014.10.05"]
[Round "2"]
[White "Bisignano, Giuseppe"]
[Black "Wurm, Alexander"]
[WhiteElo "1837"]
[BlackElo "2111"]
[Result "0-1"]
[PlyCount "48"]
[EventDate "2014.10.04"]

1. e4 e6 2. d4 d5 3. Nc3 Nf6 4. e5 Nfd7 5. f4 c5 6. Nf3 Nc6 7. Be2 a6 8. O-O
cxd4 9. Nxd4 Nxd4 10. Kh1 Nxe2 11. Qxe2 Bb4 12. Qg4 O-O 13. f5 Bxc3 14. f6 Nxf6
15. exf6 Bxf6 16. Bh6 Kh8 17. Bd2 e5 18. Qh5 g6 19. Qf3 Bf5 20. c3 Bg7 21. Rad1
Qh4 22. Qxd5 Rad8 23. Qf3 Bc2 24. Be1 Bxd1 0-1

[Event "XXVI Festival A"]
[Site "Arco ITA"]
[Date "2014.10.05"]
[Round "2"]
[White "Bortolotti, Silvano"]
[Black "Ludwig, Timm"]
[WhiteElo "1828"]
[BlackElo "1649"]
[Result "1-0"]
[PlyCount "87"]
[EventDate "2014.10.04"]

1. e4 c5 2. d3 g6 3. Nf3 Bg7 4. g3 d6 5. Bg2 Qc7 6. Nbd2 Nc6 7. c3 f5 8. Nb3
Nf6 9. Qc2 c4 10. Nbd2 cxd3 11. Qxd3 fxe4 12. Nxe4 Bf5 13. Nxf6+ exf6 14. Qc4
O-O-O 15. Be3 Rhe8 16. O-O d5 17. Qf4 Qxf4 18. Bxf4 d4 19. Nxd4 Nxd4 20. cxd4
Rxd4 21. Rac1+ Kd8 22. Bxb7 Re7 23. Rfd1 Rxd1+ 24. Rxd1+ Rd7 25. Rxd7+ Kxd7 26.
Ba6 Kc6 27. Be3 Bb1 28. a4 f5 29. b4 Bc3 30. b5+ Kc7 31. Bxa7 Ba5 32. b6+ Bxb6
33. Bxb6+ Kxb6 34. Bb5 Ba2 35. f4 Bb3 36. Kf2 Ka5 37. Ke3 Bxa4 38. Bxa4 Kxa4
39. Kd4 Kb5 40. Kd5 Kb4 41. Kd4 Kb3 42. Ke5 Kc3 43. Kf6 Kd3 44. Kg7 1-0

[Event "XXVI Festival A"]
[Site "Arco ITA"]
[Date "2014.10.05"]
[Round "2"]
[White "Brioschi, Camillo"]
[Black "Ottaviani, Gianluca"]
[WhiteElo "1782"]
[BlackElo "1982"]
[Result "1-0"]
[PlyCount "83"]
[EventDate "2014.10.04"]

1. d4 Nf6 2. c4 e6 3. Nc3 d5 4. cxd5 exd5 5. Bg5 Nbd7 6. e3 Bb4 7. Bd3 c5 8.
Nge2 Qa5 9. f3 h6 10. Bh4 cxd4 11. exd4 O-O 12. O-O Re8 13. Qd2 Qb6 14. Rfe1
Nf8 15. a3 Bxc3 16. bxc3 Qd6 17. Bg3 Qc6 18. Rab1 a6 19. Rb4 Nh5 20. Reb1 Nxg3
21. hxg3 Qe6 22. Nf4 Qd6 23. a4 Nd7 24. a5 Nf6 25. Rb6 Qe7 26. Kf2 g5 27. Nh3
Bxh3 28. gxh3 Ra7 29. h4 Ne4+ 30. fxe4 dxe4 31. Re1 f5 32. Bc4+ Kg7 33. hxg5
hxg5 34. Qe2 Rh8 35. Kg2 Qc7 36. Qe3 Qxc4 37. Qxg5+ Kf8 38. Qxf5+ Ke8 39. Re6+
Kd8 40. Qf6+ Kd7 41. Re7+ Kd8 42. Rxb7+ 1-0

[Event "XXVI Festival A"]
[Site "Arco ITA"]
[Date "2014.10.05"]
[Round "2"]
[White "Cardili, Mariano"]
[Black "Morselli, Stefano"]
[WhiteElo "2097"]
[BlackElo "1904"]
[Result "0-1"]
[PlyCount "83"]
[EventDate "2014.10.04"]

1. d4 Nf6 2. c4 c5 3. d5 b5 4. cxb5 a6 5. bxa6 g6 6. Nc3 Bxa6 7. Nf3 d6 8. e4
Bxf1 9. Kxf1 Bg7 10. h3 O-O 11. Kg1 Nbd7 12. Kh2 Qb6 13. Re1 Ne8 14. Re2 Nc7
15. Bg5 Rfe8 16. Rc1 h6 17. Bf4 Nb5 18. Nxb5 Qxb5 19. a3 Ra4 20. Qd2 Rb8 21.
Rc2 Rc4 22. e5 Rxc2 23. Qxc2 c4 24. exd6 exd6 25. Bxd6 Rb7 26. Bb4 Qxd5 27. Bc3
Nc5 28. Bxg7 Kxg7 29. Qc3+ f6 30. Qe3 Nd3 31. Qe8 Qd6+ 32. g3 h5 33. Nh4 Ne5
34. f4 Re7 35. Qa8 Ng4+ 36. hxg4 Rxe2+ 37. Kh3 hxg4+ 38. Kxg4 Rxb2 39. Qa7+ Kh6
40. Qf7 Qd1+ 41. Kh3 Qh1+ 42. Kg4 0-1

[Event "XXVI Festival A"]
[Site "Arco ITA"]
[Date "2014.10.05"]
[Round "2"]
[White "Caruso, Augusto"]
[Black "Messina, Roberta"]
[WhiteElo "2264"]
[BlackElo "2006"]
[Result "1/2-1/2"]
[PlyCount "168"]
[EventDate "2014.10.04"]

1. e4 c5 2. Nf3 e6 3. d4 cxd4 4. Nxd4 Qc7 5. g3 a6 6. Bg2 Nf6 7. O-O Be7 8. Re1
d6 9. b3 O-O 10. c4 Nc6 11. Bb2 Rd8 12. Nc3 Rb8 13. Rc1 Nxd4 14. Qxd4 b6 15. h3
Bb7 16. Qe3 Re8 17. b4 Qxc4 18. Nd5 Nxd5 19. exd5 Qxa2 20. dxe6 fxe6 21. Bxb7
Rxb7 22. Qxe6+ Qxe6 23. Rxe6 Rd8 24. Rce1 Bf8 25. Ra1 a5 26. bxa5 bxa5 27. Bc3
d5 28. Rxa5 d4 29. Bd2 Rb1+ 30. Kg2 Rb2 31. Bg5 Rd7 32. Rf5 Rf7 33. Rxf7 Kxf7
34. Re4 d3 35. Be3 Bb4 36. Rd4 Rb3 37. Kf3 Ke6 38. Ke4 d2 39. Bxd2 Bxd2 40.
Rxd2 Rb4+ 41. Rd4 Rb2 42. Kf3 Rc2 43. Ra4 Kf6 44. Ra7 Rb2 45. g4 h6 46. h4 Rb3+
47. Kg2 Rb4 48. Kg3 Rc4 49. Ra3 Rb4 50. f3 Rc4 51. Re3 Rb4 52. Re4 Rb3 53. Ra4
Rb6 54. Rf4+ Ke7 55. Rf5 Rb4 56. g5 hxg5 57. hxg5 Ke6 58. Rf4 Rb1 59. Kg4 Rh1
60. Re4+ Kf7 61. Kf5 g6+ 62. Ke5 Rh8 63. Rf4+ Kg7 64. Rf6 Re8+ 65. Re6 Rf8 66.
Re7+ Kg8 67. f4 Rf5+ 68. Ke4 Ra5 69. Rd7 Kf8 70. Rd5 Ra2 71. Rd6 Kf7 72. Rf6+
Kg7 73. Rc6 Re2+ 74. Kd5 Rd2+ 75. Ke4 Re2+ 76. Kf3 Re7 77. Rc4 Ra7 78. Rc5 Re7
79. Re5 Ra7 80. Re3 Rb7 81. Ke2 Rb4 82. Kf3 Rb7 83. Rd3 Re7 84. Rd5 Kf7 1/2-1/2

[Event "XXVI Festival A"]
[Site "Arco ITA"]
[Date "2014.10.05"]
[Round "2"]
[White "De Eccher, Stefano"]
[Black "Lezzerini, Marco"]
[WhiteElo "2237"]
[BlackElo "1994"]
[Result "1/2-1/2"]
[PlyCount "135"]
[EventDate "2014.10.04"]

1. e4 d5 2. exd5 Nf6 3. d4 Nxd5 4. Nf3 g6 5. Be2 Bg7 6. O-O O-O 7. Re1 h6 8. c3
Nc6 9. Na3 Kh7 10. Nc4 Nb6 11. Nce5 Nxe5 12. Nxe5 c5 13. dxc5 Bxe5 14. Qxd8
Rxd8 15. cxb6 axb6 16. Bf3 Bf6 17. Be3 Be6 18. a3 Rd6 19. Rad1 Rad8 20. Rxd6
Rxd6 21. Rd1 Rxd1+ 22. Bxd1 b5 23. Bf3 Bc8 24. Kf1 h5 25. Ke1 Be5 26. h3 Bd6
27. Kd2 Kg7 28. b4 Kf8 29. Bc5 Be5 30. Ke3 Ke8 31. Bd4 Bc7 32. Kd3 e5 33. Bc5
b6 34. Bc6+ Bd7 35. Bxd7+ Kxd7 36. Be3 f5 37. f3 Kc6 38. c4 bxc4+ 39. Kxc4 Bd8
40. b5+ Kd6 41. a4 g5 42. Bf2 g4 43. fxg4 fxg4 44. h4 Bc7 45. a5 bxa5 46. b6
Bd8 47. Kb5 a4 48. Kxa4 Kc6 49. Ka5 g3 50. Bxg3 Bxb6+ 51. Kb4 Kd5 52. Kc3 Ke4
53. Kd2 Kf5 54. Ke2 e4 55. Bf2 Bd8 56. g3 Kg4 57. Ke3 Bb6+ 58. Ke2 Bxf2 59.
Kxf2 e3+ 60. Kxe3 Kxg3 61. Ke4 Kxh4 62. Kf4 Kh3 63. Kf3 h4 64. Kf2 Kh2 65. Kf1
h3 66. Kf2 Kh1 67. Kf1 h2 68. Ke1 1/2-1/2

[Event "XXVI Festival A"]
[Site "Arco ITA"]
[Date "2014.10.05"]
[Round "2"]
[White "De Simone Sorrentino, Fabio"]
[Black "Mombelli, Antonio"]
[WhiteElo "1630"]
[BlackElo "1832"]
[Result "0-1"]
[PlyCount "68"]
[EventDate "2014.10.04"]

1. e4 d6 2. d4 Nf6 3. Nc3 g6 4. f4 Bg7 5. Nf3 c5 6. dxc5 Qa5 7. Bd2 Qxc5 8. Qe2
O-O 9. Qb5 Qc7 10. Qc4 Nc6 11. Nd4 Bd7 12. Nxc6 Bxc6 13. Bd3 Rac8 14. Qb3 Qd7
15. O-O d5 16. e5 Ne4 17. Be1 Nc5 18. Qa3 Nxd3 19. cxd3 d4 20. Ne2 f6 21. e6
Qd5 22. Rf2 f5 23. Bb4 Rf6 24. Bxe7 Rxe6 25. Qc5 Qd7 26. Bh4 Rce8 27. Qc2 Re3
28. a4 Qe6 29. Kf1 a6 30. Re1 Bd5 31. b4 Bb3 32. Qc7 Bxa4 33. Qc4 Bb5 34. Qxe6+
R8xe6 0-1

[Event "XXVI Festival A"]
[Site "Arco ITA"]
[Date "2014.10.05"]
[Round "2"]
[White "Del Nevo, Claudio"]
[Black "Buck, Klaus-Michael"]
[WhiteElo "1832"]
[BlackElo "1679"]
[Result "1-0"]
[PlyCount "83"]
[EventDate "2014.10.04"]

1. d4 e6 2. Nf3 d5 3. c3 c5 4. Bg5 Qb6 5. Qc2 Bd7 6. e3 h6 7. Bf4 Nf6 8. Bd3
Nc6 9. Nbd2 Rc8 10. Ne5 cxd4 11. Nxc6 Qxc6 12. exd4 Bd6 13. Bxd6 Qxd6 14. Nf3
Qb6 15. Ne5 Bb5 16. O-O Bxd3 17. Qxd3 O-O 18. Rab1 Rfd8 19. g4 Qd6 20. Qf3 Qe7
21. Qe3 Nh7 22. Kh1 Nf8 23. f4 f6 24. Nd3 b6 25. f5 Re8 26. Rbe1 Qd7 27. Qf3
exf5 28. gxf5 Qf7 29. Nf4 Rxe1 30. Rxe1 Re8 31. Rg1 Re7 32. Nh5 g5 33. fxg6
Nxg6 34. Qxf6 Kh7 35. Rf1 Nh8 36. Qxf7+ Rxf7 37. Rxf7+ Nxf7 38. Nf6+ Kg6 39.
Nxd5 Nd6 40. Kg2 Kf5 41. Kf3 Ne4 42. Ne3+ 1-0

[Event "XXVI Festival A"]
[Site "Arco ITA"]
[Date "2014.10.05"]
[Round "2"]
[White "Donadi, Luca"]
[Black "Mulone, Gaspare"]
[WhiteElo "1773"]
[BlackElo "1554"]
[Result "1-0"]
[PlyCount "67"]
[EventDate "2014.10.04"]

1. e4 g6 2. d4 d6 3. Bc4 Bg7 4. Nc3 c6 5. Nf3 Nf6 6. Qe2 Bg4 7. h3 Bxf3 8. gxf3
O-O 9. e5 dxe5 10. dxe5 Nfd7 11. f4 e6 12. Bd2 Nb6 13. O-O-O Nxc4 14. Qxc4 Qc7
15. h4 a6 16. Ne4 Nd7 17. h5 Nb6 18. Qb3 Nd5 19. hxg6 hxg6 20. Qh3 Rfd8 21. Rh2
Kf8 22. c4 Nxf4 23. Bxf4 Bxe5 24. Rxd8+ Rxd8 25. Bxe5 Qxe5 26. Qh8+ Qxh8 27.
Rxh8+ Ke7 28. Rxd8 Kxd8 29. Nd6 f5 30. Nxb7+ Kc7 31. Nc5 e5 32. Kd2 Kb6 33.
Nd7+ Kc7 34. Nxe5 1-0

[Event "XXVI Festival A"]
[Site "Arco ITA"]
[Date "2014.10.05"]
[Round "2"]
[White "Drasko, Milan"]
[Black "Battistella, Stefano"]
[WhiteElo "2434"]
[BlackElo "2045"]
[Result "1-0"]
[PlyCount "62"]
[EventDate "2014.10.04"]

1. Nf3 d5 2. g3 Nf6 3. Bg2 c6 4. O-O Bf5 5. d3 h6 6. c4 e6 7. Be3 dxc4 8. dxc4
Nbd7 9. Nc3 Be7 10. Nd4 Bg4 11. h3 Bh5 12. a3 O-O 13. Rc1 Bg6 14. Na4 e5 15.
Nf3 Qc7 16. b4 Rfd8 17. Qb3 Bf5 18. Qb2 Ne4 19. Rfd1 Bf6 20. Nh2 Ng5 21. g4 Bg6
22. Nc3 Nb6 23. Rxd8+ Rxd8 24. Qa2 Ne6 25. Nd5 Nxd5 26. cxd5 Nf4 27. Bxf4 exf4
28. dxc6 f3 29. Bxf3 Bd4 30. Nf1 bxc6 31. Rxc6 Bb1 1-0

[Event "XXVI Festival A"]
[Site "Arco ITA"]
[Date "2014.10.05"]
[Round "2"]
[White "Galas, Franco"]
[Black "Roessner, Uwe"]
[WhiteElo "1719"]
[BlackElo "1866"]
[Result "1/2-1/2"]
[PlyCount "49"]
[EventDate "2014.10.04"]

1. e4 d6 2. Nc3 Nf6 3. Bc4 e5 4. Nf3 Be7 5. a3 O-O 6. h3 c6 7. d3 Nbd7 8. O-O
Nb6 9. Bb3 Ne8 10. Nh2 Kh8 11. f4 f5 12. fxe5 dxe5 13. exf5 Bxf5 14. Qe1 Qc7
15. Nf3 Bd6 16. Ne4 Nd7 17. Nfg5 Bg6 18. Rxf8+ Bxf8 19. Bd2 Nef6 20. Nf7+ Bxf7
21. Bxf7 Nxe4 22. Qxe4 Nf6 23. Qc4 Qb6+ 24. Kh1 Qf2 25. Be1 1/2-1/2

[Event "XXVI Festival A"]
[Site "Arco ITA"]
[Date "2014.10.05"]
[Round "2"]
[White "Goli, Daniele"]
[Black "Schaefer, Michael"]
[WhiteElo "1973"]
[BlackElo "2155"]
[Result "1/2-1/2"]
[PlyCount "58"]
[EventDate "2014.10.04"]

1. d4 d5 2. c4 e6 3. Nf3 Nf6 4. Nc3 Be7 5. Bg5 h6 6. Bf4 O-O 7. e3 b6 8. Bd3
Bb7 9. O-O dxc4 10. Bxc4 Nbd7 11. Rc1 a6 12. a4 c5 13. d5 exd5 14. Nxd5 Nxd5
15. Bxd5 Qc8 16. Qb3 Ra7 17. Rfd1 Bxd5 18. Qxd5 Qb7 19. Qxb7 Rxb7 20. Bd6 Re8
21. Bxe7 Rxe7 22. Rd6 Re6 23. Rcd1 Rxd6 24. Rxd6 Kf8 25. Kf1 Ke7 26. Rd2 b5 27.
axb5 axb5 28. Ke2 Ra7 29. b4 cxb4 1/2-1/2

[Event "XXVI Festival A"]
[Site "Arco ITA"]
[Date "2014.10.05"]
[Round "2"]
[White "Gousseinov, Aguif"]
[Black "Sprotte, Norbert"]
[WhiteElo "1985"]
[BlackElo "2186"]
[Result "0-1"]
[PlyCount "72"]
[EventDate "2014.10.04"]

1. e4 e6 2. d4 d5 3. exd5 exd5 4. Bd3 c5 5. Qe2+ Be7 6. dxc5 Nf6 7. Nf3 Nc6 8.
O-O O-O 9. h3 Re8 10. c3 Bxc5 11. Qc2 Qd6 12. Qd2 Bxh3 13. Qf4 Qxf4 14. Bxf4
Bg4 15. Nbd2 Bb6 16. Rfe1 Rxe1+ 17. Rxe1 Re8 18. Rxe8+ Nxe8 19. Ne5 Nxe5 20.
Bxe5 Be6 21. Nf3 h6 22. Nd4 Bc7 23. Nxe6 Bxe5 24. Nc5 b6 25. Na4 Nd6 26. Kf1
Kf8 27. Ke2 Ke7 28. f3 f5 29. b3 b5 30. Nb2 Bxc3 31. Nd1 Bd4 32. Ne3 Ke6 33. a4
bxa4 34. bxa4 g5 35. g4 Bxe3 36. Kxe3 Ke5 0-1

[Event "XXVI Festival A"]
[Site "Arco ITA"]
[Date "2014.10.05"]
[Round "2"]
[White "Guido, Flavio"]
[Black "Occari, Maurizio"]
[WhiteElo "2356"]
[BlackElo "2036"]
[Result "1-0"]
[PlyCount "47"]
[EventDate "2014.10.04"]

1. e4 g6 2. d4 Bg7 3. Nc3 d6 4. Be3 Nf6 5. h3 c6 6. a4 Na6 7. Nf3 Nc7 8. Qd2 h5
9. Bd3 Bd7 10. O-O Qc8 11. Rfe1 h4 12. Kh2 Rh5 13. Rad1 e5 14. dxe5 dxe5 15.
Ng5 Ne6 16. Be2 Rh8 17. Qd6 Nxg5 18. Bxg5 Be6 19. Nd5 cxd5 20. Bb5+ Bd7 21.
Qxe5+ Kf8 22. Bxf6 Bxf6 23. Qxf6 Rh5 24. Qd6+ 1-0

[Event "XXVI Festival A"]
[Site "Arco ITA"]
[Date "2014.10.05"]
[Round "2"]
[White "Hilbenz, Guntram"]
[Black "Astengo, Corrado"]
[WhiteElo "1951"]
[BlackElo "2129"]
[Result "1/2-1/2"]
[PlyCount "50"]
[EventDate "2014.10.04"]

1. c4 c6 2. Nf3 d5 3. g3 Nf6 4. Bg2 Bf5 5. O-O e6 6. b3 Bd6 7. Bb2 Nbd7 8. d3
Qe7 9. Nbd2 O-O 10. Nh4 Bg4 11. h3 Bh5 12. Ndf3 Rad8 13. g4 Bg6 14. Nxg6 hxg6
15. Qc2 e5 16. e4 dxe4 17. dxe4 Nc5 18. Rfe1 Nfd7 19. b4 Ne6 20. c5 Bc7 21.
Rad1 Nf4 22. Bf1 Rfe8 23. Rd2 Nf8 24. Red1 Rxd2 25. Rxd2 g5 1/2-1/2

[Event "XXVI Festival A"]
[Site "Arco ITA"]
[Date "2014.10.05"]
[Round "2"]
[White "Huemmer, Bernd"]
[Black "Casagrande, Fabio"]
[WhiteElo "2185"]
[BlackElo "1959"]
[Result "1-0"]
[PlyCount "103"]
[EventDate "2014.10.04"]

1. d4 Nf6 2. c3 e6 3. Bf4 c5 4. e3 b6 5. Nd2 Bb7 6. h3 Be7 7. Ngf3 d5 8. Bd3
Nbd7 9. O-O O-O 10. Qb1 g6 11. b4 cxb4 12. cxb4 Ne4 13. Rc1 Rc8 14. Qb2 Bd6 15.
Bxd6 Nxd6 16. a4 Rxc1+ 17. Rxc1 Qb8 18. b5 Rc8 19. Rc2 Rxc2 20. Qxc2 Qc8 21.
Qxc8+ Nxc8 22. Ne5 Nxe5 23. dxe5 Ne7 24. f4 Kg7 25. g4 f5 26. gxf5 gxf5 27. Nb3
Ng6 28. Kf2 h5 29. Nd4 Kf7 30. Be2 h4 31. Bh5 Bc8 32. Nf3 Kg7 33. Bxg6 Kxg6 34.
Nxh4+ Kh5 35. Nf3 a6 36. Nd4 axb5 37. Nxb5 Kh4 38. Kg2 Bb7 39. Nd4 Bc8 40. Nf3+
Kh5 41. Nd4 Kh4 42. Nb5 Bb7 43. Kf2 Kxh3 44. Nc7 Bc6 45. Nxe6 Bxa4 46. Nc7 Bc6
47. Ke2 b5 48. Na6 Bd7 49. Nb4 Be6 50. Kd3 Kg4 51. Kd4 Kf3 52. Nxd5 1-0

[Event "XXVI Festival A"]
[Site "Arco ITA"]
[Date "2014.10.05"]
[Round "2"]
[White "Hussain, Hashem"]
[Black "Joerges, Frank"]
[WhiteElo "1699"]
[BlackElo "1949"]
[Result "0-1"]
[PlyCount "82"]
[EventDate "2014.10.04"]

1. e4 d5 2. exd5 Qxd5 3. Nf3 Nf6 4. d4 Bg4 5. Be2 e6 6. c4 Qd6 7. O-O Be7 8. c5
Qd8 9. Nc3 O-O 10. Be3 c6 11. Qb3 Qc8 12. a4 a5 13. h3 Bh5 14. Ne5 Bxe2 15.
Nxe2 Na6 16. Nc4 Nd5 17. Nc3 Nab4 18. Ne4 Qc7 19. Ned6 Bxd6 20. Nxd6 b6 21.
Rfc1 bxc5 22. dxc5 Rab8 23. Bd4 f6 24. Qg3 e5 25. Bc3 Nxc3 26. Rxc3 Nd5 27. Rc2
Rb4 28. Nf5 Rfb8 29. Ra2 Rf4 30. Nd6 Nb4 31. b3 Nxa2 32. Rxa2 Rfb4 33. Ra3 Qa7
34. Qc3 Rd4 35. Nc4 Qxc5 36. Qxa5 Rxc4 37. Qc7 Rc1+ 38. Kh2 Qxf2 39. Qxb8+ Kf7
40. Qc7+ Kg6 41. Qxc6 Rxc6 0-1

[Event "XXVI Festival A"]
[Site "Arco ITA"]
[Date "2014.10.05"]
[Round "2"]
[White "Illi, Hans-Joerg"]
[Black "Olivetti, Davide"]
[WhiteElo "2127"]
[BlackElo "1936"]
[Result "1/2-1/2"]
[PlyCount "110"]
[EventDate "2014.10.04"]

1. d4 Nf6 2. Nf3 g6 3. Bg5 Bg7 4. c3 O-O 5. Nbd2 d5 6. e3 c6 7. Be2 Bf5 8. Qb3
Qb6 9. c4 Nbd7 10. c5 Qxb3 11. axb3 h6 12. Bh4 g5 13. Bg3 Ne4 14. b4 a6 15. Nb3
Nxg3 16. hxg3 Rfe8 17. O-O e5 18. Rfe1 exd4 19. Nfxd4 Bg6 20. Na5 Rab8 21. Rad1
Nf6 22. Bd3 Ne4 23. g4 Kf8 24. f3 Bxd4 25. exd4 Nf6 26. Bxg6 fxg6 27. Kf2 Kf7
28. g3 Rxe1 29. Rxe1 Ne8 30. Rh1 Kg7 31. Re1 Kf7 32. Re5 Nf6 33. Ke2 Nd7 34.
Re3 Nf8 35. Kd3 Ne6 36. Re1 Nd8 37. f4 gxf4 38. gxf4 b6 39. cxb6 Rxb6 40. Kc3
Nb7 41. f5 gxf5 42. Nxb7 Rxb7 43. gxf5 Re7 44. Rh1 Kf6 45. Rxh6+ Kxf5 46. Rxc6
Re3+ 47. Kd2 Rb3 48. Rxa6 Rxb4 49. Kc3 Rc4+ 50. Kd3 Rb4 51. Rd6 Rxb2 52. Rxd5+
Ke6 53. Rd8 Ke7 54. Rh8 Kd6 55. Kc4 Rc2+ 1/2-1/2

[Event "XXVI Festival A"]
[Site "Arco ITA"]
[Date "2014.10.05"]
[Round "2"]
[White "Karl, Hans"]
[Black "Fratini, Mauro"]
[WhiteElo "2105"]
[BlackElo "1863"]
[Result "1-0"]
[PlyCount "39"]
[EventDate "2014.10.04"]

1. d4 c5 2. d5 g6 3. e4 Bg7 4. Nc3 d6 5. Bb5+ Bd7 6. a4 a6 7. Be2 Nf6 8. Nf3
O-O 9. O-O Bg4 10. Bg5 Nbd7 11. Nd2 Bxe2 12. Qxe2 Qc7 13. f4 b5 14. axb5 axb5
15. Nxb5 Qb7 16. c4 Nb6 17. e5 Ne8 18. Rxa8 Nxa8 19. exd6 Nxd6 20. Qxe7 1-0

[Event "XXVI Festival A"]
[Site "Arco ITA"]
[Date "2014.10.05"]
[Round "2"]
[White "Krauss, Josef"]
[Black "Weiland, Guenter"]
[WhiteElo "2158"]
[BlackElo "1953"]
[Result "1-0"]
[PlyCount "47"]
[EventDate "2014.10.04"]

1. e4 g6 2. d4 Bg7 3. Nc3 d6 4. Bc4 Nf6 5. Qe2 O-O 6. h3 c6 7. e5 Ne8 8. f4 Nc7
9. Nf3 b5 10. Bb3 b4 11. Ne4 d5 12. Nc5 Ne6 13. Nd3 a5 14. c3 bxc3 15. bxc3 Ba6
16. Be3 a4 17. Bc2 Nd7 18. O-O Nb6 19. f5 gxf5 20. Nh4 f4 21. Bxf4 Nxf4 22.
Rxf4 e6 23. Qh5 h6 24. Rg4 1-0

[Event "XXVI Festival A"]
[Site "Arco ITA"]
[Date "2014.10.05"]
[Round "2"]
[White "Maddaloni, Giovanni"]
[Black "Bondielli, Giorgio"]
[WhiteElo "1617"]
[BlackElo "1822"]
[Result "0-1"]
[PlyCount "70"]
[EventDate "2014.10.04"]

1. d4 f5 2. Nc3 Nf6 3. Bg5 e6 4. Nf3 Be7 5. e3 O-O 6. Bd3 Nc6 7. O-O b6 8. a3
Bb7 9. Re1 d5 10. h3 Ne4 11. Bxe7 Qxe7 12. Qe2 Nxc3 13. bxc3 e5 14. Bb5 e4 15.
Nd2 Na5 16. Ba6 Bxa6 17. Qxa6 f4 18. exf4 Rxf4 19. Re2 Raf8 20. c4 Qf6 21. Rf1
Qxd4 22. cxd5 Qxd5 23. Qxa7 Qc6 24. g3 R4f7 25. Nxe4 Ra8 26. Qxa8+ Qxa8 27. Ng5
Rf8 28. Rfe1 Qd5 29. Ne6 Re8 30. Re5 Qc4 31. R1e4 Qxc2 32. Rg4 g6 33. Rf4 Qc1+
34. Kh2 Qc6 35. Nd4 Qd7 0-1

[Event "XXVI Festival A"]
[Site "Arco ITA"]
[Date "2014.10.05"]
[Round "2"]
[White "Martinez, Guido"]
[Black "Agostinelli, Andrea"]
[WhiteElo "1856"]
[BlackElo "1717"]
[Result "1/2-1/2"]
[PlyCount "58"]
[EventDate "2014.10.04"]

1. d4 b6 2. e4 Bb7 3. Nc3 e6 4. Bf4 Bb4 5. f3 Ne7 6. Bd3 d5 7. a3 Bxc3+ 8. bxc3
Ba6 9. Bxa6 Nxa6 10. Qe2 Qc8 11. c4 O-O 12. Nh3 c5 13. Bd6 Re8 14. Bxe7 Rxe7
15. exd5 cxd4 16. Nf4 Qc7 17. d6 Qxd6 18. Qe4 Rc8 19. Ne2 Qc6 20. Qxc6 Rxc6 21.
Nxd4 Rxc4 22. O-O-O g6 23. Rd2 Kg7 24. Rhd1 Nc5 25. Kb2 Nb7 26. Nb5 Na5 27. Rd7
Rxd7 28. Rxd7 Rc5 29. Nxa7 Nc4+ 1/2-1/2

[Event "XXVI Festival A"]
[Site "Arco ITA"]
[Date "2014.10.05"]
[Round "2"]
[White "Mircoli, Filippo"]
[Black "Trauth, Michael"]
[WhiteElo "1641"]
[BlackElo "2166"]
[Result "0-1"]
[PlyCount "68"]
[EventDate "2014.10.04"]

1. Nf3 c5 2. e4 Nc6 3. g3 g6 4. Bg2 Bg7 5. O-O Nf6 6. e5 Ng4 7. c3 Ngxe5 8. d4
Nxf3+ 9. Bxf3 cxd4 10. Re1 O-O 11. Bg5 f6 12. Bd2 Qb6 13. cxd4 Qxd4 14. Qb3+ e6
15. Bc3 Qc5 16. Nd2 d5 17. Rac1 Qb6 18. Qa4 Bd7 19. Qf4 Rad8 20. h4 Bc8 21. Bg4
e5 22. Qf3 f5 23. Bh3 d4 24. Nc4 Qc5 25. Bd2 e4 26. Qb3 Qd5 27. Bg5 Bf6 28. Bh6
Rf7 29. Bg2 Be6 30. g4 Bxh4 31. g5 b5 32. Qh3 Bxf2+ 33. Kxf2 bxc4 34. Qh4 Ne5
0-1

[Event "XXVI Festival A"]
[Site "Arco ITA"]
[Date "2014.10.05"]
[Round "2"]
[White "Modena, Giorgio"]
[Black "Bernardi, Ruben"]
[WhiteElo "1920"]
[BlackElo "2098"]
[Result "0-1"]
[PlyCount "82"]
[EventDate "2014.10.04"]

1. e4 e6 2. d4 d5 3. Nc3 Nf6 4. e5 Nfd7 5. f4 c5 6. Nf3 Nc6 7. Be3 a6 8. Qd2 b5
9. a3 Rb8 10. dxc5 Bxc5 11. Nd4 Bxd4 12. Bxd4 O-O 13. Bf2 f6 14. exf6 Qxf6 15.
Bd3 Nb6 16. Bxb6 Rxb6 17. O-O g6 18. Qf2 Rb7 19. Rae1 Rbf7 20. g3 Nd4 21. Nd1
Nc6 22. c3 h5 23. Qc2 Kg7 24. Nf2 e5 25. Nd1 Bh3 26. Rf2 e4 27. Bf1 Bf5 28. Ne3
d4 29. Nxf5+ gxf5 30. Bg2 d3 31. Qd1 Qg6 32. Re3 Ne7 33. Kf1 Qb6 34. Qc1 Rd8
35. Bxe4 d2 36. Qd1 Qxe3 37. Bf3 Ng6 38. Bxh5 Re7 39. Re2 Qd3 40. Kf2 Rxe2+ 41.
Bxe2 Qd6 0-1

[Event "XXVI Festival A"]
[Site "Arco ITA"]
[Date "2014.10.05"]
[Round "2"]
[White "Moratto, Davide"]
[Black "Thonig, Manfred"]
[WhiteElo "1796"]
[BlackElo "1589"]
[Result "1-0"]
[PlyCount "79"]
[EventDate "2014.10.04"]

1. e4 g6 2. d4 d6 3. f4 Nf6 4. Nc3 Bg4 5. Nf3 Bg7 6. h3 Bd7 7. e5 Ng8 8. Bc4 e6
9. Be3 d5 10. Bd3 Nc6 11. Ne2 Nb4 12. c4 Nxd3+ 13. Qxd3 a6 14. Rc1 Ne7 15. Nc3
c6 16. c5 Nf5 17. Bf2 b6 18. Na4 bxc5 19. Nxc5 Qa5+ 20. Nd2 Bc8 21. O-O O-O 22.
a3 Qd8 23. b4 Re8 24. Ndb3 Bf8 25. Na5 Qb6 26. Nxc6 Qxc6 27. Nb3 Qb5 28. Qd2
Qd7 29. g4 Ng7 30. Bh4 Be7 31. Bf6 h5 32. f5 hxg4 33. Bxg7 Bf8 34. Bxf8 Rxf8
35. f6 Kh7 36. hxg4 Rh8 37. Kg2 Qb5 38. Rh1+ Kg8 39. Rxh8+ Kxh8 40. Qh6+ 1-0

[Event "XXVI Festival A"]
[Site "Arco ITA"]
[Date "2014.10.05"]
[Round "2"]
[White "Niccoli, Paolo"]
[Black "Nanni, Sergio"]
[WhiteElo "1860"]
[BlackElo "1720"]
[Result "1-0"]
[PlyCount "51"]
[EventDate "2014.10.04"]

1. e4 e5 2. Nf3 Nf6 3. Nxe5 d6 4. Nf3 Nxe4 5. Nc3 Nxc3 6. dxc3 Nc6 7. Be3 Be7
8. Qd2 O-O 9. O-O-O Bg4 10. h3 Bxf3 11. gxf3 Ne5 12. Be2 g6 13. f4 Nd7 14. h4
f5 15. h5 Nf6 16. hxg6 hxg6 17. Rdg1 Kf7 18. Bd4 d5 19. Bxf6 Bxf6 20. Rh7+ Bg7
21. Qd4 Rg8 22. Bh5 Kf8 23. Qc5+ Qe7 24. Qxe7+ Kxe7 25. Rxg6 Kf8 26. Rg5 1-0

[Event "XXVI Festival A"]
[Site "Arco ITA"]
[Date "2014.10.05"]
[Round "2"]
[White "Perman, Sergey"]
[Black "De Nisi, Roberta"]
[WhiteElo "2150"]
[BlackElo "1942"]
[Result "1-0"]
[PlyCount "155"]
[EventDate "2014.10.04"]

1. e4 e6 2. d4 d5 3. Nc3 Nf6 4. Bg5 Be7 5. e5 Nfd7 6. h4 Nc6 7. Bxe7 Nxe7 8.
Qg4 Rg8 9. Bd3 Nf8 10. O-O-O c6 11. Nf3 h6 12. h5 Nf5 13. Qf4 Bd7 14. Qd2 Qc7
15. g4 Ne7 16. Kb1 O-O-O 17. Ne2 Be8 18. Nh4 Nd7 19. g5 hxg5 20. Qxg5 f6 21.
exf6 gxf6 22. Qh6 Rg5 23. Bg6 Bxg6 24. hxg6 Ng8 25. Qh7 f5 26. Rdg1 Rxg1+ 27.
Rxg1 Ndf6 28. Qxc7+ Kxc7 29. Nf4 Kd6 30. Re1 Re8 31. f3 b6 32. c3 c5 33. Kc2
cxd4 34. cxd4 Nh6 35. Nd3 Rc8+ 36. Kd2 Nh5 37. b3 Ng8 38. Ne5 Nh6 39. Rh1 Nf6
40. Ng2 Nhg8 41. Nf4 Nd7 42. Nf7+ Ke7 43. Re1 Nf8 44. Nxd5+ Kd7 45. Nf4 Re8 46.
Ng5 Re7 47. Nf7 Nf6 48. Rh1 Kc7 49. Ne5 Rg7 50. Rh8 Rg8 51. g7 N8h7 52. Nxe6+
Kd6 53. Rxg8 Nxg8 54. Nf4 Ng5 55. Ke3 Ne6 56. Nxe6 Kxe6 57. Kf4 Kf6 58. Nc6 a5
59. a4 Kxg7 60. Kxf5 Nf6 61. Ke6 Nh5 62. Kd6 Nf4 63. d5 Kf6 64. Ne5 Kf5 65. Nc4
Nd3 66. Nxb6 Nc1 67. Kc7 Nxb3 68. d6 Nc5 69. d7 Ne6+ 70. Kc8 Kf4 71. d8=Q Nxd8
72. Kxd8 Kxf3 73. Nc4 Ke4 74. Nxa5 Kd5 75. Kc7 Kc5 76. Nb3+ Kb4 77. a5 Kb5 78.
Kb7 1-0